000 00676nam a2200241Ia 4500
005 20260121112816.0
008 8961 260114s9999 xx 000 0 eng d
020 _a9789812777614
037 _aEBOOK
040 _aCRL
_beng
_cCRL
041 _aeng
_2eng
084 _qCRL
100 _aPrasad R & Vedula S
_9963545
245 0 _aResearch Perspectives in Hydraulics and Water Resources Engineering
260 _bWorld Scientific
260 _bWSPC
260 _c2002
650 _aEngineering / Acoustics
_9963546
856 _uhttps://www.worldscientific.com/worldscibooks/10.1142/4941#t=toc
942 _cEBOOK
999 _c1546261
_d1546261